000 00550nam a2200229Ia 4500
003 OSt
005 20231110103920.0
008 210210b1959 xxu||||| |||| 00| 0 eng d
040 _cAL
041 _aeng
082 _a320/556
100 _aSINHA (H N)
_9141439
245 _aOutlines of political science
260 _bNot Mentioned
_c1959
650 _ascience
_9141440
650 _apolitical
_9141441
650 _aOutlines
_9141442
650 _aof
_9141443
690 _aPolitical Science
_9141444
906 _a003190
942 _2ddc
_cBK
999 _c118527
_d118527